America Coats of Arms - Statistics

General Stats
  • This quiz has been taken 1,730 times
  • The average score is 23 of 35
Answer Stats
Picture Answer % Correct
United States
100%
Mexico
96%
Argentina
92%
Haiti
92%
Colombia
91%
El Salvador
87%
Ecuador
86%
Nicaragua
86%
Dominican Republic
85%
Peru
85%
Uruguay
84%
Bolivia
83%
Panama
82%
Paraguay
77%
Guatemala
76%
Venezuela
75%
Brazil
74%
Costa Rica
74%
Canada
71%
Chile
71%
Belize
65%
Honduras
59%
Dominica
55%
Cuba
52%
Trinidad and Tobago
51%
Jamaica
50%
Antigua and Barbuda
45%
Bahamas
45%
Grenada
42%
Barbados
38%
Saint Lucia
37%
Saint Vincent and the Grenadines
36%
Suriname
36%
Guyana
35%
Saint Kitts and Nevis
35%
No matching quizzes found
Score Distribution
Percent of People with Each Score
Percentile by Number Answered
Your Score History
You have not taken this quiz